[Event "USCL Carolina vs Dallas"]
[Site "Internet Chess Club"]
[Date "2009.10.12"]
[Round "7"]
[White "Fernandez, Daniel"]
[Black "Zaikov, Oleg"]
[Result "0-1"]
[WhiteElo "2468"]
[BlackElo "2388"]
[PlyCount "68"]
[EventDate "2009.??.??"]

1. e4 c5 2. Nf3 d6 3. d4 cxd4 4. Nxd4 Nf6 5. Nc3 a6 6. Bg5 e6 7. f4 Nbd7 8. Qf3
Qc7 9. O-O-O b5 10. Bd3 Bb7 11. Rhe1 Be7 12. Qg3 b4 13. Nd5 exd5 14. exd5 Kd8
15. Qe3 Nb6 16. Nf5 Nbxd5 17. Qd4 Bf8 18. Be4 Kc8 19. Nxg7 Nxe4 20. Ne8 Qc5 21.
Qxh8 Ne3 22. Re2 Nc3 23. bxc3 bxc3 24. Nxd6+ Kc7 25. Nc4 Nxc4 26. Qxc3 Qa3+ 27.
Qxa3 Bxa3+ 28. Kb1 Bf3 29. Rd8 Ra7 30. Re7+ Bxe7 31. Bxe7 Bxg2 32. Rd4 Kb6 33.
Bb4 Kb5 34. c3 Rc7 0-1

[Event "USCL New York vs Philadelphia"]
[Site "Internet Chess Club"]
[Date "2009.10.12"]
[Round "7"]
[White "Sivakumar, Kavinayan"]
[Black "Rosenberg, Evan"]
[Result "0-1"]
[WhiteElo "2048"]
[BlackElo "2201"]
[PlyCount "112"]
[EventDate "2009.??.??"]

1. e4 c6 2. d4 d5 3. exd5 cxd5 4. Bd3 Nc6 5. c3 Qc7 6. h3 Nf6 7. Nf3 g6 8. O-O
Bf5 9. Bxf5 gxf5 10. c4 Bg7 11. Nc3 Rd8 12. Qb3 O-O 13. cxd5 Na5 14. Qa4 Nxd5
15. Bd2 Nc4 16. Nxd5 Rxd5 17. Qc2 Qc6 18. Bc3 Nd6 19. Rac1 Rc8 20. Qe2 Ne4 21.
Bd2 Qd7 22. Rxc8+ Qxc8 23. Rc1 Qd7 24. Bf4 h6 25. Rc7 Qb5 26. Qe3 Qxb2 27. Rxe7
Bxd4 28. Nxd4 Qxd4 29. Re8+ Kh7 30. Bxh6 Qa1+ 31. Kh2 Rd1 32. Rxe4 fxe4 33. Bf4
Rh1+ 34. Kg3 Qg7+ 35. Kh4 Qxg2 36. a4 Qf3 37. Qxf3 exf3 38. a5 Ra1 39. Bd2 Ra2
40. Be3 Rxa5 41. Kg4 Kg6 42. Kxf3 Kf5 43. h4 Ra4 44. Kg3 Ra3 45. h5 Rxe3+ 46.
fxe3 Kg5 47. h6 Kxh6 48. Kf4 Kg6 49. Ke5 b5 50. Kd5 b4 51. Kc4 a5 52. Kb3 Kf5
53. Ka4 Ke4 54. Kxa5 b3 55. Kb4 b2 56. Kc3 b1=Q 0-1

[Event "USCL New York vs Philadelphia"]
[Site "Internet Chess Club"]
[Date "2009.10.12"]
[Round "7"]
[White "Kacheishvili, Giorgi"]
[Black "Smith, Bryan"]
[Result "0-1"]
[WhiteElo "2666"]
[BlackElo "2528"]
[PlyCount "110"]
[EventDate "2009.??.??"]

1. d4 Nf6 2. Nf3 g6 3. Bg5 Bg7 4. Nbd2 d5 5. e3 c5 6. c3 Qb6 7. Qb3 c4 8. Qc2
Bf5 9. Qc1 Nc6 10. Be2 O-O 11. O-O Rac8 12. h3 Rfe8 13. Bf4 Qd8 14. b3 b5 15.
a4 b4 16. g4 Bd3 17. Bxd3 cxd3 18. c4 Ne4 19. Qb1 e5 20. dxe5 Nxe5 21. Bxe5
Bxe5 22. Nxe4 Bxa1 23. Ned2 Bg7 24. Qxd3 dxc4 25. Qxd8 Rexd8 26. Nxc4 Rd3 27.
Rb1 Rcd8 28. Kg2 Rd1 29. Rxd1 Rxd1 30. Nfd2 Rc1 31. Na5 Rc2 32. Ndc4 Bf6 33.
Kg3 Bd8 34. h4 Bxa5 35. Nxa5 Kf8 36. Kf3 Ke7 37. Ke4 Kd6 38. f4 Kc5 39. f5
gxf5+ 40. gxf5 f6 41. Nb7+ Kc6 42. Nd8+ Kd6 43. Nb7+ Kc7 44. Na5 Kb6 45. Nc4+
Kc5 46. Na5 Rc3 47. Nb7+ Kb6 48. Nd6 Rxb3 49. Ne8 Rb1 50. Nxf6 Rd1 51. Nd5+ Kc5
52. Nxb4 Kxb4 53. Ke5 Kxa4 54. e4 Kb5 55. f6 a5 0-1

[Event "USCL New York vs Philadelphia"]
[Site "Internet Chess Club"]
[Date "2009.10.12"]
[Round "7"]
[White "Norowitz, Yaacov"]
[Black "Costigan, Richard"]
[Result "1/2-1/2"]
[WhiteElo "2354"]
[BlackElo "2288"]
[PlyCount "102"]
[EventDate "2009.??.??"]

1. d4 Nf6 2. e3 g6 3. Nf3 Bg7 4. Be2 O-O 5. O-O c5 6. b3 cxd4 7. Nxd4 d5 8. Bb2
b6 9. Na3 Bb7 10. c4 a6 11. Qc2 dxc4 12. Nxc4 Nbd7 13. Bf3 Qc7 14. Rac1 Rac8
15. Qb1 Bxf3 16. Nxf3 Qb7 17. Rfd1 Rfd8 18. Qa1 Ne8 19. h3 Bxb2 20. Qxb2 Ndf6
21. Nd4 Rd5 22. Nf3 Rdc5 23. Nce5 Nd6 24. Nh2 Rxc1 25. Rxc1 Rxc1+ 26. Qxc1 Qd5
27. Nhf3 Nfe4 28. Qc2 Qc5 29. Qxc5 Nxc5 30. Nd2 b5 31. b4 Nce4 32. Nb1 Nc4 33.
Nc6 Kf8 34. f3 Ned6 35. Kf2 e5 36. Nc3 f5 37. Nd5 Ne8 38. Ke2 Kf7 39. Nd8+ Kg7
40. Ne6+ Kf7 41. Nec7 Nb6 42. Kd3 Nxd5 43. Nxd5 Ke6 44. e4 Kd6 45. g4 fxg4 46.
fxg4 h6 47. Ke3 Ng7 48. Nf6 Ne6 49. Nd5 Nd4 50. Kd3 Nf3 51. Ke3 Nd4 1/2-1/2

[Event "USCL Carolina vs Dallas"]
[Site "Internet Chess Club"]
[Date "2009.10.12"]
[Round "7"]
[White "Schroer, Jonathan"]
[Black "Stopa, Jacek"]
[Result "1/2-1/2"]
[WhiteElo "2429"]
[BlackElo "2565"]
[PlyCount "98"]
[EventDate "2009.??.??"]

1. d4 d5 2. c4 c6 3. Nf3 Nf6 4. cxd5 cxd5 5. Nc3 Nc6 6. Bf4 e6 7. e3 Nh5 8. Bg5
Qb6 9. Bd3 h6 10. Bh4 g5 11. Bg3 Nxg3 12. hxg3 Qxb2 13. Nb5 Qb4+ 14. Qd2 Qe7
15. e4 dxe4 16. Bxe4 Bg7 17. O-O O-O 18. Rac1 Bd7 19. Rfe1 g4 20. Nh4 Qg5 21.
Qe2 a6 22. Bxc6 Bxc6 23. Nc7 Rac8 24. Rc5 Qf6 25. d5 Rxc7 26. dxc6 Rxc6 27.
Rxc6 bxc6 28. Qxg4 c5 29. Qc4 Qc3 30. Rc1 Qxc4 31. Rxc4 Rc8 32. Nf3 Kf8 33. Nd2
Bd4 34. Kf1 Ke7 35. Ke2 e5 36. g4 Rg8 37. f3 Rg6 38. Ra4 Rc6 39. Kd3 Kf6 40.
Ne4+ Ke6 41. Kc4 f5 42. gxf5+ Kxf5 43. Kd5 Rg6 44. g3 Rb6 45. Ra5 h5 46. Nd6+
Kg5 47. Ne4+ Kf5 48. Nd6+ Kg5 49. Ne4+ Kf5 1/2-1/2

[Event "USCL Carolina vs Dallas"]
[Site "Internet Chess Club"]
[Date "2009.10.12"]
[Round "7"]
[White "Lopez, Nelson"]
[Black "Agner, Carlito"]
[Result "0-1"]
[WhiteElo "2218"]
[BlackElo "2220"]
[PlyCount "68"]
[EventDate "2009.??.??"]

1. e4 c5 2. Nf3 Nc6 3. Bb5 e6 4. O-O Nge7 5. b3 a6 6. Bxc6 Nxc6 7. Bb2 b5 8. c4
Bb7 9. Re1 d6 10. d4 cxd4 11. cxb5 axb5 12. Nxd4 Qa5 13. a3 Nxd4 14. b4 Qa6 15.
Qxd4 Rc8 16. Qd3 Qc6 17. Nc3 Qc4 18. Qd2 Qc6 19. Qe2 Qc4 20. Nxb5 Qxe2 21. Rxe2
Ba6 22. a4 Be7 23. Bxg7 Rg8 24. Bd4 Rc4 25. Be3 Kd7 26. Bd2 Bf6 27. Ra2 Rb8 28.
Na3 Rcxb4 29. Bxb4 Bxe2 30. Be1 Bd3 31. f3 Rb3 32. Nc2 Bb2 33. Ne3 Bd4 34. Bd2
Bb1 0-1

[Event "USCL Carolina vs Dallas"]
[Site "Internet Chess Club"]
[Date "2009.10.12"]
[Round "7"]
[White "Jones, Craig"]
[Black "Kiewra, Keaton"]
[Result "1/2-1/2"]
[WhiteElo "2275"]
[BlackElo "2365"]
[PlyCount "106"]
[EventDate "2009.??.??"]

1. Nf3 Nf6 2. c4 g6 3. Nc3 Bg7 4. e4 d6 5. d4 O-O 6. Be2 Bg4 7. Be3 Nfd7 8. Rc1
a6 9. O-O c5 10. d5 Bxf3 11. Bxf3 b5 12. Be2 Qa5 13. Bd2 b4 14. Na4 Nb6 15.
Nxb6 Qxb6 16. Rb1 a5 17. Bg4 a4 18. f4 Qc7 19. Rf3 Nd7 20. Bxd7 Qxd7 21. f5
Rfe8 22. Qe1 e6 23. f6 Bf8 24. Qh4 exd5 25. Rh3 h5 26. cxd5 Qg4 27. Re1 a3 28.
b3 Rac8 29. Qxg4 hxg4 30. Rg3 Re5 31. Bf4 Ree8 32. Bd2 Re5 33. Bf4 Ree8 34.
Rge3 c4 35. bxc4 Rxc4 36. Kf2 Rc2+ 37. R1e2 Rec8 38. Rb3 Rxe2+ 39. Kxe2 Rc2+
40. Kd3 Rxa2 41. Rxb4 Rxg2 42. Rb8 a2 43. Ra8 Kh7 44. e5 dxe5 45. Bxe5 Bb4 46.
Kc4 Re2 47. Kxb4 Rxe5 48. Kc5 Re2 49. d6 Rxh2 50. d7 Rd2 51. Kc6 g3 52. Rxa2
Rxa2 53. d8=Q g2 1/2-1/2

[Event "USCL Chicago vs Tennessee"]
[Site "Internet Chess Club"]
[Date "2009.10.14"]
[Round "7"]
[White "van de Mortel, Jan"]
[Black "Ehlvest, Jaan"]
[Result "1-0"]
[WhiteElo "2456"]
[BlackElo "2697"]
[PlyCount "79"]
[EventDate "2009.??.??"]

1. d4 d6 2. c4 f5 3. Nc3 Nf6 4. g3 g6 5. Bg2 Bg7 6. Nf3 O-O 7. O-O Qe8 8. d5 a5
9. Nd4 Na6 10. b3 Bd7 11. Bb2 g5 12. e4 Nxe4 13. Nxe4 fxe4 14. Bxe4 c5 15. dxc6
bxc6 16. Qd2 h6 17. Rae1 Nc7 18. Bb1 Qf7 19. f4 Bh3 20. Nxc6 e5 21. Qxd6 Bxf1
22. Ne7+ Kh8 23. Bxe5 Ra6 24. Ng6+ Kg8 25. Ne7+ Kh8 26. Ng6+ Kg8 27. Qxc7 Bh3
28. Nxf8 Qxc7 29. Bxc7 Bd4+ 30. Kh1 Kxf8 31. f5 a4 32. Be4 axb3 33. axb3 Ra2
34. Bd6+ Kg7 35. c5 Bc3 36. Rc1 Re2 37. Bf3 Rf2 38. Bb7 Bd2 39. Be5+ Kf8 40.
Ra1 1-0

[Event "USCL Baltimore vs New Jersey"]
[Site "Internet Chess Club"]
[Date "2009.10.14"]
[Round "7"]
[White "Uesugi, Shinsaku"]
[Black "Kapengut, Albert"]
[Result "0-1"]
[WhiteElo "2354"]
[BlackElo "2379"]
[PlyCount "76"]
[EventDate "2009.??.??"]

1. Nf3 Nf6 2. g3 c5 3. c4 d5 4. cxd5 Nxd5 5. Bg2 Nc6 6. Nc3 Nc7 7. O-O e5 8. d3
Be7 9. Be3 Be6 10. Rc1 Rc8 11. Nd2 Qd7 12. Qa4 Na6 13. Nc4 f6 14. Nb5 O-O 15.
Nxa7 Nxa7 16. Qxd7 Bxd7 17. Bd5+ Kh8 18. Bxb7 Rc6 19. Bxc6 Nxc6 20. f4 Nd4 21.
Rf2 Bg4 22. Kf1 exf4 23. Bxf4 Rd8 24. a3 g5 25. Be3 Kg7 26. Bxd4 Rxd4 27. Ne3
Bh3+ 28. Ke1 Kg6 29. Rc4 f5 30. Rxd4 cxd4 31. Nd5 Bd6 32. b4 Nc7 33. Nb6 f4 34.
gxf4 Bxf4 35. a4 Kf6 36. Nc4 Ke6 37. b5 Kd5 38. e3 dxe3 0-1

[Event "USCL Arizona vs San Francisco"]
[Site "Internet Chess Club"]
[Date "2009.10.14"]
[Round "7"]
[White "Donaldson, John"]
[Black "Aldama, Dioniso"]
[Result "1/2-1/2"]
[WhiteElo "2408"]
[BlackElo "2473"]
[PlyCount "67"]
[EventDate "2009.??.??"]

1. Nf3 Nf6 2. c4 g6 3. g3 Bg7 4. Bg2 O-O 5. O-O d6 6. d4 Nc6 7. Nc3 a6 8. d5
Na5 9. b3 c5 10. dxc6 Nxc6 11. Bb2 Bd7 12. Qc1 Rc8 13. Nd5 Nxd5 14. Bxg7 Kxg7
15. cxd5 Ne5 16. Qb2 f6 17. Nd4 Qb6 18. Qd2 a5 19. f4 Kg8 20. e3 Nf7 21. Rac1
Rc5 22. Ne6 Rxc1 23. Rxc1 Rc8 24. Rxc8+ Bxc8 25. Qd4 Qxd4 26. Nxd4 Bd7 27. Kf2
Kf8 28. Ke2 Ke8 29. Kd3 Kd8 30. Ne6+ Kc8 31. Nf8 Kd8 32. Ne6+ Kc8 33. Nf8 Kd8
34. Ne6+ 1/2-1/2

[Event "USCL Chicago vs Tennessee"]
[Site "Internet Chess Club"]
[Date "2009.10.14"]
[Round "7"]
[White "Shabalov, Alex"]
[Black "Felecan, Florin"]
[Result "1-0"]
[WhiteElo "2624"]
[BlackElo "2430"]
[PlyCount "83"]
[EventDate "2009.??.??"]

1. e4 c5 2. Nf3 d6 3. d4 cxd4 4. Nxd4 Nf6 5. Nc3 g6 6. Be3 Bg7 7. Be2 O-O 8. f4
d5 9. e5 Ne4 10. Nxe4 dxe4 11. c3 Nc6 12. Nxc6 bxc6 13. O-O Qxd1 14. Rfxd1 Be6
15. Rd4 Rfb8 16. b3 f6 17. exf6 Bxf6 18. Bc4 Bxc4 19. Rxc4 a5 20. Rc1 a4 21. b4
Rd8 22. Kf2 Rd6 23. Rxe4 Rad8 24. Ke2 a3 25. g4 Kf7 26. Rc4 Re6 27. Rc5 Rdd6
28. Rc2 Re4 29. Kf3 Rde6 30. Bf2 Ke8 31. Rxc6 Rxf4+ 32. Kxf4 Rxc6 33. c4 g5+
34. Kf3 Rd6 35. b5 Rd1 36. c5 Rb1 37. c6 Rb2 38. Rc4 Kd8 39. Bb6+ Kc8 40. Ra4
Kb8 41. c7+ Kb7 42. Ra8 1-0

[Event "USCL Boston vs Queens"]
[Site "Internet Chess Club"]
[Date "2009.10.14"]
[Round "7"]
[White "Schneider, Dmitry"]
[Black "Perelshteyn, Eugene"]
[Result "1/2-1/2"]
[WhiteElo "2510"]
[BlackElo "2628"]
[PlyCount "114"]
[EventDate "2009.??.??"]

1. e4 c5 2. Nf3 Nc6 3. d4 cxd4 4. Nxd4 Nf6 5. Nc3 d6 6. Be2 g6 7. O-O Bg7 8.
Nb3 O-O 9. f4 b5 10. Bf3 b4 11. Nd5 Nxd5 12. exd5 Qb6+ 13. Kh1 Na5 14. Re1 Nc4
15. Rb1 Ba6 16. Re4 Rac8 17. Be2 Rc7 18. f5 gxf5 19. Rh4 Ne5 20. Bxa6 Qxa6 21.
Be3 Ng4 22. Bg1 Qc8 23. Nd4 Rc5 24. Nxf5 Qxf5 25. Bxc5 h5 26. Bxa7 Ra8 27. Bg1
Rxa2 28. Rh3 Bxb2 29. Rf3 Qe4 30. Qd2 Bf6 31. Rxb4 Qxc2 32. Qxc2 Rxc2 33. h3
Ne5 34. Rf5 h4 35. Be3 Kg7 36. Bg5 Kg6 37. Bxf6 Kxf5 38. Bxe7 Nc4 39. Rb1 Ke4
40. Bxh4 Kxd5 41. Rf1 Ne5 42. Bg3 Ke6 43. Re1 f6 44. Kg1 d5 45. Rd1 Nc4 46. Bf2
Nd6 47. Bd4 Ne4 48. Kh2 Kf5 49. Rf1+ Ke6 50. Rd1 f5 51. Be3 Ke5 52. Bd4+ Ke6
53. Be3 Re2 54. Bf4 Rf2 55. Be3 Re2 56. Bf4 Rf2 57. Be3 Re2 1/2-1/2

[Event "USCL Baltimore vs New Jersey"]
[Site "Internet Chess Club"]
[Date "2009.10.14"]
[Round "7"]
[White "Matlin, Anna"]
[Black "Defibaugh, Jared"]
[Result "1-0"]
[WhiteElo "2003"]
[BlackElo "2155"]
[PlyCount "91"]
[EventDate "2009.??.??"]

1. e4 e5 2. Nf3 Nc6 3. d4 exd4 4. Nxd4 Bc5 5. Nxc6 Qf6 6. Qd2 dxc6 7. Nc3 Be6
8. Na4 Rd8 9. Bd3 Bd4 10. O-O a6 11. Qa5 b6 12. Qg5 b5 13. Nc3 Ne7 14. Qxf6
Bxf6 15. Bf4 Bxc3 16. bxc3 Kd7 17. a4 c5 18. axb5 c4 19. Be2 axb5 20. Ra7 Rc8
21. Rfa1 Rhd8 22. Rd1+ Ke8 23. Rxc7 Rxc7 24. Bxc7 Rxd1+ 25. Bxd1 Kd7 26. Bg3
Kc6 27. f3 Nc8 28. Kf2 Nb6 29. Ke3 f6 30. Kd4 Nd7 31. f4 g6 32. h3 Nc5 33. Bf3
Kb6 34. Bh4 Nd7 35. Bg4 Bxg4 36. hxg4 Kc6 37. Ke3 Kc5 38. Kd2 Kd6 39. Bxf6 Ke6
40. Bd4 Nb8 41. f5+ Ke7 42. e5 Nc6 43. Ke3 Kd7 44. Ke4 Nd8 45. Kd5 Ke7 46. Bc5+
1-0

[Event "USCL Boston vs Queens"]
[Site "Internet Chess Club"]
[Date "2009.10.14"]
[Round "7"]
[White "Kelleher, Jeff"]
[Black "Wang, Andrew"]
[Result "0-1"]
[WhiteElo "2070"]
[BlackElo "2136"]
[PlyCount "110"]
[EventDate "2009.??.??"]

1. d4 Nf6 2. c4 g6 3. Nc3 Bg7 4. e4 d6 5. f4 O-O 6. Nf3 c5 7. d5 e6 8. dxe6
fxe6 9. Bd3 Nc6 10. O-O b6 11. Kh1 Nh5 12. f5 Ne5 13. fxg6 hxg6 14. Bg5 Qd7 15.
Nh4 Nf6 16. Bf4 Kh7 17. Be2 Nf7 18. Nf3 Bb7 19. Qc2 Nh5 20. Ng5+ Nxg5 21. Bxg5
Be5 22. Bxh5 gxh5 23. Qe2 Kg6 24. Bd2 Qe7 25. Qe3 Bg7 26. e5 dxe5 27. Ne4 Qh4
28. Ng3 Qg4 29. Qd3+ e4 30. Qe3 Rad8 31. Ne2 Rd3 32. Nf4+ Rxf4 33. Qxf4 e3 34.
Qxg4+ hxg4 35. Bc3 Bxc3 36. bxc3 Rd2 37. Rg1 e2 38. Rge1 Ba6 39. Kg1 Bxc4 40.
a3 Kf5 41. Kf2 Kf4 42. Rac1 e5 43. Ra1 e4 44. g3+ Ke5 45. Ke3 Rd7 46. Rh1 Rh7
47. Rac1 Bd3 48. Ra1 Rf7 49. Rae1 Rf3+ 50. Kd2 Kd5 51. h3 gxh3 52. Rxh3 Kc4 53.
Rhh1 Rxg3 54. Reg1 e3+ 55. Ke1 Rf3 0-1

[Event "USCL Baltimore vs New Jersey"]
[Site "Internet Chess Club"]
[Date "2009.10.14"]
[Round "7"]
[White "Gulko, Boris"]
[Black "Kaufman, Larry"]
[Result "1-0"]
[WhiteElo "2609"]
[BlackElo "2444"]
[PlyCount "137"]
[EventDate "2009.??.??"]

1. c4 e6 2. d4 Nf6 3. Nc3 Bb4 4. e3 O-O 5. Bd3 d5 6. a3 Bxc3+ 7. bxc3 dxc4 8.
Bxc4 c5 9. Nf3 Qc7 10. Ba2 Nc6 11. O-O e5 12. h3 e4 13. Nh2 Bf5 14. Ng4 Nxg4
15. hxg4 Bg6 16. a4 Rfd8 17. Qe2 Ne7 18. Ba3 b6 19. dxc5 bxc5 20. Qc4 Rac8 21.
Rad1 Rxd1 22. Rxd1 h5 23. gxh5 Bxh5 24. Rd2 Bg6 25. Qa6 Kh7 26. Qd6 Qxd6 27.
Rxd6 Rc7 28. Bc4 f6 29. Bb5 Bf5 30. Kf1 Bc8 31. Ke1 Kg6 32. Kd2 Kf5 33. Rd8 Ke5
34. c4 Ke6 35. a5 Nc6 36. Re8+ Ne7 37. Kc3 a6 38. Ba4 Bd7 39. Bxd7+ Kxd7 40.
Ra8 Rc6 41. Ra7+ Kd6 42. Rb7 Nf5 43. Rb8 Ne7 44. Rd8+ Kc7 45. Rf8 Kd7 46. Rf7
g5 47. Rf8 Ng6 48. Rg8 Ne5 49. Rg7+ Ke6 50. Rg8 Ng4 51. Re8+ Kd7 52. Rf8 Nxf2
53. Kd2 Ng4 54. Ra8 Ne5 55. Kc3 f5 56. Rg8 Nf7 57. Rg7 Ke7 58. Rg8 Kf6 59. Rb8
f4 60. exf4 gxf4 61. Rb6 Re6 62. Bxc5 f3 63. Bd4+ Kf5 64. g4+ Kxg4 65. Rxe6 Ng5
66. Rg6 Kf5 67. Rf6+ Kg4 68. Be3 Nh3 69. c5 1-0

[Event "USCL Seattle vs Miami"]
[Site "Internet Chess Club"]
[Date "2009.10.14"]
[Round "7"]
[White "Martinez, Marcel"]
[Black "Mikhailuk, Slava"]
[Result "1/2-1/2"]
[WhiteElo "2475"]
[BlackElo "2437"]
[PlyCount "78"]
[EventDate "2009.??.??"]

1. e4 c5 2. Nf3 Nc6 3. Bb5 g6 4. O-O Bg7 5. Re1 Nf6 6. e5 Nd5 7. Nc3 Nc7 8.
Bxc6 dxc6 9. Ne4 Ne6 10. d3 O-O 11. Be3 b6 12. Qd2 Nd4 13. Nxd4 cxd4 14. Bh6
Bxe5 15. Bxf8 Qxf8 16. Ng5 Bd6 17. Nf3 c5 18. Ne5 Bb7 19. Nc4 Bc7 20. Qg5 f6
21. Qg4 e5 22. Qd7 Qf7 23. Qxf7+ Kxf7 24. a3 b5 25. Nd2 Bd6 26. a4 b4 27. a5
Bd5 28. a6 Bc7 29. Rec1 Rb8 30. c3 bxc3 31. bxc3 Rb2 32. Nf1 Bb6 33. cxd4 cxd4
34. Rcb1 Rc2 35. Rc1 Rb2 36. Rcb1 Rc2 37. Rc1 Rb2 38. Rcb1 Rc2 39. Rc1 Rb2
1/2-1/2

[Event "USCL Chicago vs Tennessee"]
[Site "Internet Chess Club"]
[Date "2009.10.14"]
[Round "7"]
[White "Young, Angelo"]
[Black "Bick, John"]
[Result "1-0"]
[WhiteElo "2325"]
[BlackElo "2260"]
[PlyCount "123"]
[EventDate "2009.??.??"]

1. Nf3 b5 2. e3 a6 3. c3 Bb7 4. a4 b4 5. cxb4 Nc6 6. b5 Nb4 7. Nc3 e6 8. d4 g5
9. bxa6 Rxa6 10. Bb5 Ra5 11. O-O Nf6 12. e4 Nxe4 13. Nxe4 Bxe4 14. Nxg5 Bg6 15.
Bd2 c6 16. Qe1 Qe7 17. Qe5 f6 18. Qc7 Qd8 19. Nxe6 Qxc7 20. Nxc7+ Kd8 21. Na6
Rxa6 22. Bxb4 cxb5 23. axb5 Rxa1 24. Rxa1 Kc7 25. Ra8 Bg7 26. Ra7+ Kc8 27. b6
Be4 28. Rc7+ Kd8 29. Bd6 Bf8 30. Bg3 d6 31. f3 Bd5 32. Ra7 Rg8 33. Rxh7 Be7 34.
Kf2 Kd7 35. Bh4 Ke6 36. g4 Bd8 37. b7 Bb6 38. Ke3 Rb8 39. f4 Bxb7 40. f5+ Kd5
41. Bxf6 Re8+ 42. Kf4 Ba6 43. Rd7 Re4+ 44. Kg5 Bc8 45. Re7 Rxe7 46. Bxe7 Bd7
47. Bf6 Be8 48. h4 Ke4 49. h5 Ba5 50. Kh6 Kf3 51. Kg7 Bd2 52. Kf8 Bb5 53. g5
Bd3 54. h6 Bxf5 55. Kg7 Kg4 56. h7 Bxh7 57. Kxh7 Bxg5 58. Bxg5 Kxg5 59. b4 Kf5
60. b5 Ke6 61. Kg6 d5 62. Kg5 1-0

[Event "USCL Chicago vs Tennessee"]
[Site "Internet Chess Club"]
[Date "2009.10.14"]
[Round "7"]
[White "Larson, Gerald"]
[Black "Magness, Trevor"]
[Result "1/2-1/2"]
[WhiteElo "2140"]
[BlackElo "2138"]
[PlyCount "134"]
[EventDate "2009.??.??"]

1. e4 e5 2. Nf3 Nc6 3. Bb5 a6 4. Bxc6 dxc6 5. O-O Bg4 6. h3 h5 7. d3 Qf6 8.
Nbd2 Ne7 9. Re1 Ng6 10. d4 Nf4 11. dxe5 Qg6 12. Nh4 Bxd1 13. Nxg6 Nxg6 14. Rxd1
O-O-O 15. e6 fxe6 16. Re1 Bb4 17. c3 Bc5 18. Nb3 Bb6 19. Be3 Rd3 20. Bxb6 cxb6
21. Rad1 Rhd8 22. Rxd3 Rxd3 23. g3 Kd7 24. Kf1 Ke7 25. Ke2 Rd8 26. Rd1 Rxd1 27.
Kxd1 Ne5 28. Nc1 Nf7 29. h4 Kd6 30. Ke2 c5 31. Nd3 g5 32. hxg5 Nxg5 33. f3 Nh7
34. e5+ Kd5 35. Ke3 b5 36. Kf4 a5 37. Nf2 a4 38. Ne4 Kc4 39. Ke3 b4 40. Nd6+
Kd5 41. f4 b6 42. c4+ Kc6 43. Ke4 Kd7 44. Kd3 Nf8 45. Ne4 Ke7 46. Nf6 h4 47.
gxh4 Ng6 48. h5 Nxf4+ 49. Ke4 Ne2 50. h6 Kf7 51. Nd7 Nc3+ 52. Kd3 Nxa2 53. Nxb6
a3 54. bxa3 bxa3 55. Nd7 Nb4+ 56. Kc3 a2 57. Kb2 Kg6 58. Nxc5 Kxh6 59. Nxe6
Nd3+ 60. Kxa2 Nxe5 61. c5 Kg6 62. Kb3 Kf6 63. Nd4 Ke7 64. Ka4 Kd7 65. Kb5 Kc7
66. Ne6+ Kb7 67. Nf4 Kc7 1/2-1/2

[Event "USCL Seattle vs Miami"]
[Site "Internet Chess Club"]
[Date "2009.10.14"]
[Round "7"]
[White "Recio, Miguel"]
[Black "Sinanan, Joshua"]
[Result "0-1"]
[WhiteElo "2164"]
[BlackElo "2284"]
[PlyCount "106"]
[EventDate "2009.??.??"]

1. d4 Nf6 2. Nf3 e6 3. c4 b6 4. a3 Ba6 5. Qc2 c5 6. d5 exd5 7. cxd5 g6 8. g3
Bg7 9. Bg2 O-O 10. Nc3 d6 11. O-O Re8 12. Re1 Nbd7 13. Bf4 Qb8 14. h3 b5 15. e4
Qb6 16. Bf1 Rac8 17. a4 b4 18. Nb5 Bf8 19. a5 Qb7 20. Nxd6 Bxd6 21. Bxd6 Bxf1
22. Rxf1 Nxe4 23. Bf4 Qxd5 24. Rad1 Qf5 25. Kg2 Ndf6 26. Qc4 g5 27. Bc1 g4 28.
hxg4 Nxg4 29. Nh4 Qf6 30. f3 Qxb2+ 31. Bxb2 Ne3+ 32. Kh3 Ng5+ 33. Kh2 Nxc4 34.
Bc1 Re2+ 35. Kh1 Nh3 36. Rd7 Rce8 37. Nf5 Ne5 38. Rxa7 Nf2+ 39. Kg2 Nfg4+ 40.
Kg1 Nh2 41. Rf2 Nhxf3+ 42. Kg2 Ne1+ 43. Kf1 Rxf2+ 44. Kxf2 N1d3+ 45. Kg2 Nxc1
46. a6 b3 47. Rb7 Nc6 48. a7 Nxa7 49. Rxa7 Rb8 50. Ra1 b2 51. Rb1 Na2 52. Ne7+
Kg7 53. Nd5 c4 0-1

[Event "USCL Arizona vs San Francisco"]
[Site "Internet Chess Club"]
[Date "2009.10.14"]
[Round "7"]
[White "Young, Gregory"]
[Black "Adelberg, David"]
[Result "1-0"]
[WhiteElo "2242"]
[BlackElo "2160"]
[PlyCount "115"]
[EventDate "2009.??.??"]

1. e4 c5 2. Nf3 e6 3. d4 cxd4 4. Nxd4 a6 5. Nc3 Qc7 6. Be3 Nf6 7. f3 Bb4 8. Qd2
d5 9. O-O-O e5 10. Nb3 d4 11. Nxd4 exd4 12. Bxd4 Be6 13. Qg5 Nbd7 14. Qxg7 Qf4+
15. Kb1 Rg8 16. Ne2 Qh4 17. Bxf6 Nxf6 18. g3 Rxg7 19. gxh4 Rd8 20. Rd3 Nh5 21.
b3 Bd6 22. Kb2 Be5+ 23. Kc1 f6 24. Kd2 Nf4 25. Rxd8+ Kxd8 26. Ng3 Rd7+ 27. Bd3
Bh3 28. Rd1 Bd4 29. Ne2 Nxe2 30. Kxe2 Bc5 31. e5 fxe5 32. Bxh7 Rxd1 33. Kxd1
Ke7 34. Be4 b6 35. h5 Be3 36. Ke2 Bf4 37. b4 Be6 38. a4 Bd7 39. a5 bxa5 40.
bxa5 Kf6 41. c4 Bc8 42. c5 Ke7 43. h4 Kd7 44. Kd3 Kc7 45. Bd5 Bb7 46. Bxb7 Kxb7
47. Ke4 Kc6 48. Kf5 Kxc5 49. Kg6 e4 50. fxe4 Kb5 51. Kf5 Bh6 52. Kg6 Bf4 53.
Kf5 Bh6 54. e5 Kc6 55. Kg6 Bf4 56. e6 Kc7 57. e7 Kd7 58. Kf7 1-0

[Event "USCL Arizona vs San Francisco"]
[Site "Internet Chess Club"]
[Date "2009.10.14"]
[Round "7"]
[White "Barcenilla, Rogelio"]
[Black "Bhat, Vinay"]
[Result "1-0"]
[WhiteElo "2583"]
[BlackElo "2504"]
[PlyCount "199"]
[EventDate "2009.??.??"]

1. e4 e5 2. Nf3 Nc6 3. d4 exd4 4. Nxd4 Nf6 5. Nxc6 bxc6 6. e5 Qe7 7. Qe2 Nd5 8.
c4 Nb6 9. Nc3 Qe6 10. b3 a5 11. a4 Bb4 12. Bb2 O-O 13. O-O-O Re8 14. f4 d5 15.
cxd5 Nxd5 16. Nxd5 cxd5 17. Qc2 c5 18. Bd3 Qh6 19. Kb1 Bb7 20. Rhf1 Rac8 21.
Bf5 Rc7 22. Rd3 g6 23. Rh3 Qg7 24. Rff3 d4 25. Rfg3 Rd8 26. Rg4 Kf8 27. Bc1 c4
28. bxc4 Ba6 29. Bd3 Rb8 30. f5 Bc3+ 31. Ka2 Qxe5 32. fxg6 fxg6 33. Re4 Qd6 34.
Ba3 Bb4 35. Bxb4 Rxb4 36. Qf2+ Rf7 37. Qxd4 Rxa4+ 38. Kb1 Qb4+ 39. Qb2 Bb7 40.
Re2 Ra3 41. Qxb4+ axb4 42. Kb2 Ba6 43. Rc2 Rc7 44. Rf3+ Kg7 45. Be2 Bb7 46.
Rxa3 bxa3+ 47. Kxa3 Bxg2 48. c5 Be4 49. Rc3 Kf6 50. Bb5 Ke5 51. Kb4 g5 52. Rc1
g4 53. c6 h5 54. Kc5 Rc8 55. Kb6 h4 56. c7 g3 57. hxg3 h3 58. Bc6 Kd4 59. Bxe4
Kxe4 60. Rh1 Rh8 61. Rxh3 Rxh3 62. c8=Q Rxg3 63. Qe6+ Kf4 64. Kc5 Re3 65. Qf6+
Kg3 66. Kd4 Re1 67. Kd3 Rb1 68. Ke2 Rb5 69. Qc3+ Kh2 70. Qc7+ Kg1 71. Qg7+ Kh2
72. Qh6+ Kg3 73. Qf6 Kg4 74. Qe6+ Kg5 75. Ke3 Ra5 76. Qe8 Ra6 77. Ke4 Rf6 78.
Qg8+ Rg6 79. Qd5+ Kh6 80. Qd8 Kg7 81. Kf5 Ra6 82. Qd4+ Kh7 83. Qd3 Rg6 84. Qc2
Kh6 85. Qc3 Rg5+ 86. Kf4 Rg7 87. Qf6+ Kh7 88. Kf5 Ra7 89. Qe5 Ra6 90. Qh2+ Kg7
91. Qg2+ Kf8 92. Qb7 Rh6 93. Qd7 Kg8 94. Qe8+ Kg7 95. Kg5 Rh7 96. Qe7+ Kg8 97.
Qd8+ Kf7 98. Qd7+ Kg8 99. Qe6+ Kg7 100. Qe8 1-0